MONOCHROME & COLOUR TELEVISION (Record no. 818619)

MARC details
000 -LEADER
fixed length control field 00381pam a2200157a 44500
008 - FIXED-LENGTH DATA ELEMENTS--GENERAL INFORMATION
fixed length control field 230405s2014 xxu||||| |||| 00| 0 eng d
041 ## - LANGUAGE CODE
Language code of text/sound track or separate title ENG
100 ## - MAIN ENTRY--PERSONAL NAME
Personal name GULATI R.R
245 ## - TITLE STATEMENT
Title MONOCHROME & COLOUR TELEVISION
Remainder of title 08/16/2016
250 ## - EDITION STATEMENT
Edition statement 2014
260 ## - PUBLICATION, DISTRIBUTION, ETC.
Place of publication, distribution, etc. NEW DELHI
Name of publisher, distributor, etc. NEW AGE INTERNATIONAL PUB
Date of publication, distribution, etc. 2014
300 ## - PHYSICAL DESCRIPTION
Extent P.B,654
650 ## - SUBJECT ADDED ENTRY--TOPICAL TERM
Topical term or geographic name entry element CSE
690 ## - LOCAL SUBJECT ADDED ENTRY--TOPICAL TERM (OCLC, RLIN)
Topical term or geographic name as entry element CSE
906 ## - LOCAL DATA ELEMENT F, LDF (RLIN)
a 4424
Holdings
Withdrawn status Lost status Damaged status Not for loan Collection Home library Current library Date acquired Source of acquisition Cost, normal purchase price Total Checkouts Full call number Barcode Date last seen Price effective from Koha item type
          College of Engineering, Kolhapur College of Engineering, Kolhapur 16/08/2023 BHARATI MADYAWARHI SAHAKARI GRAHAK BHANDAR PUNE 399.00   621.3884/GUL ECK-SW-1916 16/08/2023 16/08/2023 Book
          College of Engineering, Kolhapur College of Engineering, Kolhapur 16/08/2023 BHARATI MADYAWARHI SAHAKARI GRAHAK BHANDAR PUNE 399.00   621.3884/GUL ECK-SW-1915 16/08/2023 16/08/2023 Book
          College of Engineering, Kolhapur College of Engineering, Kolhapur 16/08/2023 BHARATI MADYAWARHI SAHAKARI GRAHAK BHANDAR PUNE 399.00   621.3884/GUL ECK-SW-1914 16/08/2023 16/08/2023 Book
          College of Engineering, Kolhapur College of Engineering, Kolhapur 16/08/2023 BHARATI MADYAWARHI SAHAKARI GRAHAK BHANDAR PUNE 399.00   621.3884/GUL ECK-SW-1913 16/08/2023 16/08/2023 Book
          College of Engineering, Kolhapur College of Engineering, Kolhapur 16/08/2023 BHARATI MADYAWARHI SAHAKARI GRAHAK BHANDAR PUNE 399.00   621.3884/GUL ECK-SW-1912 16/08/2023 16/08/2023 Book